000 00547nam a2200193Ia 4500
003 LDD
008 181029s9999 xx 000 0 und d
020 _a1412907640
_cP 24.99
040 _cLDD
100 _aSmith, Malcolm
245 0 _aPerformance measurement and management
_cMalcolm Smith
260 _aNew Delhi
_bSage
_c2005
300 _aviii, 302p
365 _bP 24.99
901 _a3623
_b05-01-2007
902 _aANE/D/589
_b19-01-2007
_cF
_dANE
_e65
903 _aDiscount-10
_bReqst by : Khanna, Beerendra Bahadur (Dr
942 _2ddc
_cBK
999 _c77454
_d77454